000 00269nam a22001217a 4500
020 _a0356-08157-5
082 _a355.4 BEA'S
100 _aBEAUFRE, ANDRE
_937951
245 _aSTRATEGY FOR TOMORROW
260 _aLONDON
_bMACDONALD
_c1974
300 _a91P
942 _cBK
999 _c582899
_d582899